ការគ្រប់គ្រងថ្នាំកសិកម្ម និងជីកសិកម្ម (Record no. 9451)

000 -LEADER
fixed length control field 00356nam a22001217a 4500
040 ## - CATALOGING SOURCE
Transcribing agency HS
082 ## - DEWEY DECIMAL CLASSIFICATION NUMBER
Classification number 632
100 ## - MAIN ENTRY--AUTHOR NAME
Personal name នុត ចន្ថា
245 ## - TITLE STATEMENT
Title ការគ្រប់គ្រងថ្នាំកសិកម្ម និងជីកសិកម្ម
260 ## - PUBLICATION, DISTRIBUTION, ETC. (IMPRINT)
Place of publication Cambodia
Name of publisher នុត ចន្ថា
Year of publication NA
300 ## - PHYSICAL DESCRIPTION
Number of Pages 49p;
942 ## - ADDED ENTRY ELEMENTS (KOHA)
Koha item type សៀវភៅភាសាខ្មែរ
952 ## - LOCATION AND ITEM INFORMATION (KOHA)
Withdrawn status [LOCAL, KOHA] 0
952 ## - LOCATION AND ITEM INFORMATION (KOHA)
Withdrawn status [LOCAL, KOHA] 0
Holdings
Permanent Location Date acquired Koha item type Lost status Shelving location Barcode Current Location Full call number
Library Block C2016-09-01សៀវភៅភាសាខ្មែរ C251RUA44258Library Block C632 នុត NA C251
Library Block C2016-09-01សៀវភៅភាសាខ្មែរ C251RUA043441Library Block C632 នុត NA C251
មជ្ឈមណ្ឌលឯការនៃសាកលវិទ្យាល័យភូមិន្ទកសិកម្មចំការដូង

Powered by Koha